MARC

LEADER 00000nam0a2200000 4500
001 44088
005 20231031021817.0
010 |a 5845902851 
035 |a (RuTPU)RU\TPU\book\45718 
090 |a 44088 
100 |a 20021104d2002 km y0rusy50 ca 
101 1 |a rus  |c eng 
102 |a RU 
105 |a a z 001zy 
200 1 |a Основы компьютерных сетей  |e пер. с англ.  |f Д. Л. Шиндер 
210 |a Москва  |c Вильямс  |d 2002 
215 |a 651 с.  |c ил. 
320 |a Словарь терм.: с. 595-635. 
320 |a Предм. указ.: с. 636-651. 
610 1 |a информатика 
610 1 |a компьютерные сети 
610 1 |a сетевое оборудование 
610 1 |a программное обеспечение 
610 1 |a Интернет 
610 1 |a сетевые операционные системы 
610 1 |a виртуальные частные сети 
610 1 |a гибридные сети 
610 1 |a защита 
610 1 |a перспективы 
675 |a 681.324  |v 3 
700 1 |a Шиндер  |b Д. Л.  |g Дебра Литтлджон 
801 1 |a RU  |b 63413507  |c 20021104  |g PSBO 
801 2 |a RU  |b 63413507  |c 20191120  |g PSBO 
942 |c BK